00685nam a22002057a 450000500170000001000130001702000220003003500130005203700160006504000120008108200160009310000150010924500920012426000410021627000580025730000250031550000510034065000570039165000310044820170124110125.0 aB-058638 c00.00a8173914184 aB-058638 bCen Lib/Ret aDPLbEN a954.11bDHA aDhar, D.N. aDynamics of political change in Kashmir : cby D.N.Dharbfrom ancient to modern times / bKanishka Publishersc2001aNew Delhi a4697/5-21 A, Ansari Road DaryaganjbNew Delhie110002 axii,368p. c24cm(Hb) aIncludes bibliographical references and index  aJammu and Kashmir (India) -- Politics and government aIndia -- Jammu and Kashmir